000 01713cam a22004214i 4500
003 PE-LiUPU
005 20250731183352.0
008 160215s2015 xx r 000 0 spa d
020 _a9789972624292
020 _a9972624293
035 _a(Sirsi) i9789972624292
040 _aPUCPR
_bspa
_cPUCPR
_dPE-LiUPU
_erda
082 _a792
_bA7
_220
110 1 _aAsociación Cultural Peruano Británico.
245 0 0 _a10 años haciendo teatro :
_b2005-2015 /
_cAsociación Cultural Peruano Británico.
246 0 0 _aDiez años haciendo teatro.
264 _aLima :
_bAsociación Cultural Peruano Británico,
_c2015.
300 _a204 páginas :
_bilustraciones ;
_c30 centímetros.
336 _atext
_2rdacontent
337 _aunmediated
_2rdamedia
338 _avolume
_2rdacarrier
500 _aRecorrido gráfico y testimonial de las historias que transcurrieron delante y tras el escenario, desde el enfoque de sus intérpretes.
526 _aP158
526 _aP146
526 _aP17
526 _aP12
526 _aP06
610 2 2 _aAsociación Cultural Peruano Británico
_xHistoria.
650 2 4 _aTeatro peruano
_ySiglo XXI.
710 2 _aAsociación Cultural Peruano Británica.
910 _ajck
_bebj
_cebj
_d20160808
942 _2ddc
_cBOOK
949 _a792 A7
_wDEWEY
_c1
_i74243
_lCCODEBUL1
_mBUL
_p15.00
_r0
_sY
_tBOOK
_u2016-8-8
_xINGENIERIA
_PP07
_0COMPRA
_o.STAFF. Colección General
994 _aC0
_bPEPRU
596 _a1
999 _a792 A7
_wDEWEY
_c11750
_i74243
_d11750
_e2019-5-30
_f2021-11-9
_g7
_lCCODEBUL1
_mBUL
_n1
_p15.00
_r0
_sY
_tBOOK
_u2016-8-8
_xEDUCACION
_PP07
_0COMPRA
_o.STAFF. Colección General
980 _81
_gALBERTO SANCHEZ Responsable de Automatización